Messi ou Ronaldo - Statistiques

Statistiques générales
  • Ce quiz a été pris 407 fois
  • Le résultat moyen est 6 sur 7
Statistiques - réponses
Question Réponse % Correct
a gagné la coupe du monde Messi
100%
meilleurs buteur de ldc ronaldo
97%
le plus de passes d messi
95%
le plus de but ronaldo
95%
a gagné 5 ballons d'or ronaldo
89%
le plus de match de jouer ronaldo
84%
le plus de sélections nationales ronaldo
81%
Aucun quiz correspondant
Distribution des résultats
% des personnes avec chaque résultat
Percentile par nombre de réponses
Votre historique - résultats
Vous n’avez pas pris ce quiz